Normal view
MARC view
- A Guide to The Project Management Body of Knowledge
Entry Topical Term
001 - CONTROL NUMBER
- control field: 91911
003 - CONTROL NUMBER IDENTIFIER
- control field: NUST
005 - DATE AND TIME OF LATEST TRANSACTION
- control field: 20220527124222.0
008 - FIXED-LENGTH DATA ELEMENTS
- fixed length control field: 220527|| aca||aabn | a|a d
040 ## - CATALOGING SOURCE
- Original cataloging agency: NUST
- Transcribing agency: NUST
150 ## - HEADING--TOPICAL TERM
- Topical term or geographic name entry element: A Guide to The Project Management Body of Knowledge
670 ## - SOURCE DATA FOUND
- Source citation: Work cat.: (NUST): Guide, PMBOK 91910, A Guide to The Project Management Body of Knowledge, 2013.
